Navires français de la Seconde Guerre mondiale - Statistiques

Statistiques générales
  • Ce quiz a été pris 89 fois
  • Le résultat moyen est 19 sur 109
Statistiques - réponses
Réponse % Correct
Richelieu
78%
Dunkerque
64%
Bretagne
62%
Jean Bart
62%
Océan (ex Jean Bart)
62%
Béarn
56%
Algérie
54%
Normandie
52%
Paris
52%
Strasbourg
52%
Surcouf
48%
Lorraine
40%
Duguay-Trouin
38%
Courbet
36%
Jeanne d'Arc
36%
Emile Bertin
34%
La Galissonière
34%
Provence
34%
Foch
32%
Jaguar
30%
Suffren
30%
Mars
28%
Colbert
26%
Guépard
26%
Lion
26%
Tigre
24%
Aigle
22%
Epée (puis L'Adroit)
22%
Le Fantasque
22%
Le Terrible
22%
Mogador
22%
Vauquelin
22%
Duquesne
20%
Léopard
20%
Tourville
20%
Bourrasque
18%
Forbin
18%
Le Malin
18%
Lynx
18%
Volta
18%
Chacal
14%
L'Adroit
14%
L'Indomptable
14%
Marseillaise
14%
Panthère
14%
Primauguet
14%
Le Triomphant
12%
Tempête
12%
Vauban
12%
Vautour
12%
Bison
10%
Cassard
10%
Corsaire (puis Siroco)
10%
Epervier
10%
Flibustier (puis Le Bison)
10%
Gloire
10%
Hardi
10%
Le Chevalier Paul
10%
Maillé Brézé
10%
Mistral
10%
Montcalm
10%
Tartu
10%
Verdun
10%
Bombarde
8%
Brestois
8%
Dupleix
8%
Georges Leygues
8%
Gerfaut
8%
Lamotte-Picquet
8%
Orage
8%
Ouragan
8%
Siroco
8%
Tornade
8%
Basque
6%
Boulonnais
6%
Casque
6%
Fleuret (puis Foudroyant)
6%
Jean de Vienne
6%
La Flore
6%
La Melpomène
6%
L'Audacieux
6%
Mameluck
6%
Tramontane
6%
Typhon
6%
Valmy
6%
Albatros
4%
Bouclier
4%
Cyclone
4%
Foudroyant
4%
Fougueux
4%
Frondeur
4%
Kersaint
4%
La Bayonnaise
4%
La Cordelière
4%
Simoun
4%
Trombe
4%
Baliste
2%
Bordelais
2%
Branlebas
2%
Fortuné
2%
L'Alcyon
2%
L'incomprise
2%
Milan
2%
Lansquenet
0%
La Pomone
0%
La Poursuivante
0%
L'Iphigénie
0%
Palme
0%
Railleuse
0%
Aucun quiz correspondant
Distribution des résultats
% des personnes avec chaque résultat
Percentile par nombre de réponses
Votre historique - résultats
Vous n’avez pas pris ce quiz